000 00668nam a2200205Ia 4500
003 GCL
008 140319s9999 xx 000 0 ara d
040 _aGCL /
_cGCL
082 0 4 _a813.009
_bا ا
100 1 _aاحمد محمد عطية
245 1 0 _aاصوات جديدة فى الرواية العربية /
_cاحمد محمد عطية
260 _a[S.N] :
_bالهيئة المصرية العامة للكتاب ،
_c1987
300 _a179 ص
490 _aدراسات ادبية
_v0
650 0 4 _aالادب العربى
650 0 4 _aالعصر الحديث
650 0 4 _aالقصص العربية
650 0 4 _aتاريخ ونقد
942 _2ddc
_cBK
999 _c29138
_d29138